Bioprocess Production of Flavor, Fragrance, and Color Ingredients /

Contenido: Descripción del bioproceso del sabor y de la producción de fragancias; Desarrollo y regulación del sabor, de la fragancia y de los ingredientes del color producidos por Biotecnología; Compuestos alifáticos, aromáticos y de lactona; Producción de la fermentación de pirasinas y de terpenoid...

Täydet tiedot

Tallennettuna:
Bibliografiset tiedot
Päätekijä: Gabelman, Alan (ed.)
Aineistotyyppi: Kirja
Kieli:englanti
Julkaistu: Nueva York, EUA : Wiley, 1994, c1994
Aiheet:
Tagit: Lisää tagi
Ei tageja, Lisää ensimmäinen tagi!

MARC

LEADER 00000nam^a2200000^a^4500
001 000184856
005 20250521000000.0
009 20260310102130.358
020 |a 0-471-03821-0 
037 |a Acervo ITESO - Biblioteca 
041 |a ING 
082 |a 664. 5  |b GAB 
100 |a Gabelman, Alan  |e (ed.) 
245 1 0 |a Bioprocess Production of Flavor, Fragrance, and Color Ingredients /  |c Ed. de A. Gabelman. 
264 4 |a Nueva York, EUA :  |b Wiley,  |c 1994, c1994 
300 |a XIII, 361 p. 
336 |a texto  |b txt  |2 rdacontenido 
337 |a sin mediación  |b n  |2 rdamedio 
338 |a volumen  |b nc  |2 rdasoporte 
520 |a Contenido: Descripción del bioproceso del sabor y de la producción de fragancias; Desarrollo y regulación del sabor, de la fragancia y de los ingredientes del color producidos por Biotecnología; Compuestos alifáticos, aromáticos y de lactona; Producción de la fermentación de pirasinas y de terpenoides para los sabores y las fragancias; Sabores agradables; Sabores de los lácteos; Producción de colorantes para alimento por fermentación; Cultura de la textura fina de plantas; Ingeniería genética y otras tecnologías avanzadas. 
649 |a XX 
650 |a Sabor 
650 |a Colorantes en los Alimentos 
650 |a Esencias 
650 |a Compuestos Aromáticos 
650 |a Fermentación 
650 |a Industria Alimenticia 
650 |a Ingeniería Genética 
650 |a Biotecnología 
650 |a Tecnología de Alimentos 
910 |a Fondo General 
920 |a Impresos - Libros 
930 |a Colección General 
905 |a 101 
901 |a 0500126106  |b IT1  |c ACC  |u 20250521 
902 |a https://opac.biblio.iteso.mx/vufind/Record/000184856